000 00463nam a2200157Ia 4500
003 GCL
008 140319s9999 xx 000 0 ara d
040 _aGCL /
_cGCL
082 0 4 _aط
_b028.5
_bم ا
100 1 _aمارتين ودانيال - ساسية
245 1 0 _aفى الهواء والفضاء /
_cمارتين ودانيال - ساسية
490 _aاسئلة واجوبة
_v0
650 0 4 _aالفضاء
650 0 4 _aالاطفال
942 _2ddc
_cBK
999 _c49692
_d49692